V jadre

Bibliographic Details
Main Author: Jerronime (Author)
Format: Book
Language:Slovak
PhysicalDescription:154 s. 21 cm
Published: [Bratislava] GC [2016]
ISBN:9788089900046
Subjects:

MARC

LEADER 00000cam a2200000 a 4500
001 vtls011623010
003 SK-MaSNL
005 20260301044541.0
008 240318s2016 xo e 000 j slo
015 |a SNBA2017/05 
020 |a 9788089900046  |q (brož.) 
035 |a urn:nbn:sk:snk-am00cxbm 
035 |a urn:nbn:sk:snk-am3hmdq 
035 |a 41695D1F-2847-4ACF-842E-1466ED7D72E9 
040 |a SNK  |b slo  |c SNK  |e AACR2 
041 0 |a slo 
044 |a xo  |c SK 
072 7 |a 13  |x Filozofia ducha  |2 konspekt 
080 |a 13  |2 2011 
080 |a 17.02  |2 2011 
080 |a 159.961  |2 2011 
080 |a (0:82-32)  |2 2011 
080 |a 159.923.5  |2 2011 
100 0 |a Jerronime  |4 aut  |9 347125 
245 1 0 |a V jadre  |c Jerronime 
260 |a [Bratislava]  |b GC  |c [2016] 
300 |a 154 s.  |c 21 cm 
500 |a Miesto vyd. podľa ISBN 
650 0 7 |a duchovný život  |2 SNKPH  |9 1807 
650 0 7 |a životná harmónia  |2 SNKPH  |9 4976 
650 0 7 |a rozšírené vedomie  |2 SNKPH  |9 78489 
650 0 7 |a Spiritual life  |2 SNKPHeng  |9 265583 
650 0 7 |a Harmony of life  |2 SNKPHeng  |9 306452 
650 0 7 |a Extended consciousness  |2 SNKPHeng  |9 340075 
650 0 7 |a pozitívne myslenie  |2 SNKPH  |9 4009 
650 0 7 |a Positive thinking  |2 SNKPHeng  |9 266375 
655 7 |a príbehy  |2 SNKPH  |9 70507 
655 7 |a Stories  |2 SNKPHeng  |9 265785 
852 |a Štátna vedecká knižnica v Banskej Bystrici 
919 |a 978-80-89900-04-6 
958 |a LX 
999 |c 596262  |d 598192 
952 |a SNK  |b SNK  |y PREZ  |7 0  |p 17A1258276  |o snkSC 174503  |i snk2017/10721  |8 0  |0 0  |1 0  |4 0  |d 2017-05-10  |f 1  |l 0  |r 2025-09-16 00:00:00  |w 2026-02-23 
952 |a SNK  |b SNK  |y VYP  |7 0  |p 17A1258277  |o snkSC 174503 D1  |i snk2017/10722  |8 0  |0 0  |1 0  |4 0  |d 2017-05-10  |l 0  |r 2026-02-23 15:39:23  |w 2026-02-23